Australská zahraniční politika: hledání rovnováhy mezi tradicí a geografií

Postavenie Austrálie v južnom Pacifiku ako politickej, ekonomickej, vojenskej a kultúrnej mocnosti. Hľadanie vlastnej identity. Vplyv tradícií a geografickej polohy na vývoj. Priority zahraničnej politiky. Bezpečnostná politika. Austrália medzi dvoma svetmi - medzi angloamerickým svetom svojich kore...

Description complète

Enregistré dans:
Détails bibliographiques
Auteur principal: Rouček, Libor
Format: Chapitre de livre
Langue:tchèque
Sujets:
Tags: Ajouter un tag
Pas de tags, Soyez le premier à ajouter un tag!

MARC

LEADER 00000naa a2200000 4500
001 0124773
005 20231016094553.0
041 0 |a cze 
044 |a CZ 
245 1 0 |a Australská zahraniční politika: hledání rovnováhy mezi tradicí a geografií  |c Libor Rouček 
520 |a Postavenie Austrálie v južnom Pacifiku ako politickej, ekonomickej, vojenskej a kultúrnej mocnosti. Hľadanie vlastnej identity. Vplyv tradícií a geografickej polohy na vývoj. Priority zahraničnej politiky. Bezpečnostná politika. Austrália medzi dvoma svetmi - medzi angloamerickým svetom svojich koreňov a geografickou realitou ázijsko-pacifického regiónu. 
610 2 0 |a politika zahraničná 
610 2 0 |a vzťahy zahraničné 
610 2 0 |a identita 
610 2 0 |a história 
610 2 0 |a geografia 
610 2 0 |a politika bezpečnostná 
610 2 0 |a Austrália 
100 1 |a Rouček, Libor